Central Library OPAC University of Rajshahi

পুনর্মিলন / (Record no. 65492)

MARC details
000 -LEADER
fixed length control field 00755nam a2200217 a 4500
001 - CONTROL NUMBER
control field 65492
003 - CONTROL NUMBER IDENTIFIER
rucl marc code BD-RjUL
005 - DATE AND TIME OF LATEST TRANSACTION
control field 20211209081431.0
008 - FIXED-LENGTH DATA ELEMENTS--GENERAL INFORMATION
fixed length control field 170307s1970 ii ||||| |||| 00| 0 b d
035 ## - SYSTEM CONTROL NUMBER
System control number (BD-RjUL)65622
040 ## - CATALOGING SOURCE
Original cataloging agency BD-RjUL
Language of cataloging ben
Transcribing agency BD-RjUL
Modifying agency BD-RjUL
041 ## - LANGUAGE CODE
Language code of text/sound track or separate title ben
082 ## - DEWEY DECIMAL CLASSIFICATION NUMBER
Edition number 23
Classification number 891.442
Author mark and year BOP 1970
100 ## - MAIN ENTRY--PERSONAL NAME
Personal name বসু, বুদ্ধদেব
9 (RLIN) 178160
245 ## - TITLE STATEMENT
Title পুনর্মিলন /
Statement of responsibility, etc. বুদ্ধদেব বসু
260 ## - PUBLICATION, DISTRIBUTION, ETC. (IMPRINT)
Place of publication, distribution, etc. কলিকাতা :
Name of publisher, distributor, etc. দেজ পাবলিশিং,
Date of publication, distribution, etc. ১৯৭০
300 ## - PHYSICAL DESCRIPTION
Pagination ১৩৯ পৃ. ;
Size ১৭ সেমি.
650 ## - SUBJECT ADDED ENTRY--TOPICAL TERM
Topical term or geographic name as entry element বাংলা সাহিত্য
General subdivision নাটক
9 (RLIN) 193808
Topical term or geographic name as entry element Bengali Literature
General subdivision drama
9 (RLIN) 193809
942 ## - ADDED ENTRY ELEMENTS (KOHA)
Source of classification or shelving scheme Dewey Decimal Classification
Koha item type Books
Holdings
Lost status Source of classification or shelving scheme Damaged status Not for loan Collection code Permanent Location Current Location Shelving location Date acquired Source of acquisition Cost, normal purchase price Total Checkouts Full call number Date last seen Copy number Koha item type
  Dewey Decimal Classification   Not For Loan Non-fiction Central Library, University of Rajshahi Central Library, University of Rajshahi Reading Room 23/07/2005 Dhaka paragon enterprises ltd. 25.00   B 891.442 BOP 1970 07/03/2017 C-1 Books